00633nam a22001577a 4500020001500000082001500015100001800030245003800048260003500086300001100121650002700132942000700159999001700166952014600183952014600329 a8174090592 a621.31 VAD aS. S. Vadhera aPower system analysis & stabiligy aDelhibKhanna Publishersc2013 a1006p. aElectric power systems cBK c13720d13720 001040708NFICaCLbCLcGENd2016-09-28eAllied Book Companyg331.00l2m3o621.31 VADpSEECS013493r2022-06-11s2022-01-01w2016-09-28yBK 001040708NFICaCLbCLcGENd2016-09-28eAllied Book Companyg331.00l2m3o621.31 VADpSEECS013494r2020-02-08s2019-11-10w2016-09-28yBK